Manual de derecho procesal penal
Guardat en:
| Autor principal: | |
|---|---|
| Format: | Llibre |
| Idioma: | espanyol |
| Publicat: |
Madrid
Reus
1934
|
| Matèries: | |
| Etiquetes: |
Afegir etiqueta
Sense etiquetes, Sigues el primer a etiquetar aquest registre!
|
MARC
| LEADER | 00000nam a2200000 a 4500 | ||
|---|---|---|---|
| 001 | UCV1278 | ||
| 003 | CL-VaPUC | ||
| 008 | 900326e19340000SP |||||||||||||||||spa|d | ||
| 082 | 0 | 4 | |a 345.05 |b PIN |2 21 |
| 100 | 0 | |a Pina, Rafael de |e author |9 295520 | |
| 245 | 1 | 0 | |a Manual de derecho procesal penal |
| 300 | |a 380 p | ||
| 942 | |c BK | ||
| 945 | |d 19900326 00:00:00 | ||
| 260 | |a Madrid |b Reus |c 1934 | ||
| 650 | 7 | |a JURISDICCION PENAL |2 CL-VaPUC |9 255635 | |
| 650 | 0 | |a Procedimiento penal |9 254974 | |
| 650 | 7 | |a PRUEBA PENAL |2 CL-VaPUC |9 256157 | |
| 583 | |a last modification |c 19900326 00:00:00 |k Rodrigo Vera | ||
| 999 | |c 209272 |d 209270 | ||
| 952 | |0 0 |1 0 |4 0 |6 345_050000000000000_PIN_1934 |7 0 |8 A |9 184591 |a BIBDER |b BIBDER |d 2019-11-14 |i 2518937 |o 345.05 PIN 1934 |p 2518937 |r 2019-11-14 |w 2019-11-14 |y BK |k DER | ||
| 952 | |0 0 |1 0 |4 0 |6 345_050000000000000_PIN_1934 |7 0 |8 A |9 184592 |a BIBDER |b BIBDER |d 2019-11-14 |i 2518945 |o 345.05 PIN 1934 |p 2518945 |r 2023-01-25 |w 2019-11-14 |y BK |k DER | ||